000 00656cam a22002651 4500
001 sa 64009038
003 DLC
005 20260227112058.0
008 941010s1962 ii 000 0 orio
010 _asa 64009038
025 _aPL480:I-O-145
035 _a(OCoLC)31253653
040 _aDLC
_cCU
_dCU
_dDLC
042 _apremarc
050 0 0 _aPK2576.S5
_bS3
100 1 _aSiṃ, Rabi,
_d1932-
245 1 0 _aSamasāmaẏika Oḍiā prema kabitā.
260 _c[1962]
300 _a14, 186 p.
_c23 cm.
500 _aIn Oriya.
500 _aPoems.
650 0 _aOriya poetry.
650 0 _aLove poetry, Oriya.
700 1 _aRatha, Brajanātha.
999 _c61210
_d61210